Normal view
MARC view
Entry Topical Term
001 - CONTROL NUMBER
- control field: 11646
003 - CONTROL NUMBER IDENTIFIER
- control field: OSt
005 - DATE AND TIME OF LATEST TRANSACTION
- control field: 20170222184321.0
008 - FIXED-LENGTH DATA ELEMENTS
- fixed length control field: 170222|| aca||aabn | a|a d
040 ## - CATALOGING SOURCE
- Original cataloging agency: OSt
- Transcribing agency: OSt
150 ## - HEADING--TOPICAL TERM
- Topical term or geographic name entry element: Emergency management.
670 ## - SOURCE DATA FOUND
- Source citation: Work cat.: (OSt)5574: Photopoulos, Constantine. 11644, Managing catastrophic loss of sensitive data /, 2008.
